This Stars are they straight or LGBT - Statistics

General Stats
  • This quiz has been taken 104 times
    48 since last reset
  • The average score is 16 of 20
Answer Stats
Question Answer % Correct
Leonardo Di Caprio Heterosexual
98%
Lil Nas X LGBT
98%
Freddie Mercury LGBT
98%
Brad Pitt Heterosexual
95%
Tom Hanks Heterosexual
93%
Robert Downey Jr Heterosexual
93%
Elen DeGeneres LGBT
90%
Kristen Stewart LGBT
90%
Sam Smith LGBT
88%
Chris Hemsworth Heterosexual
85%
Elliot Page LGBT
85%
Jennifer Lawrence Heterosexual
80%
Cara Delevingne LGBT
80%
Ricky Martin LGBT
73%
Natalie Portman Heterosexual
70%
Laverne Cox LGBT
68%
Billy Porter LGBT
65%
Emma Watson Heterosexual
63%
Janelle Monae LGBT
60%
Angelina Jolie LGBT
45%
No matching quizzes found
Score Distribution
Percent of People with Each Score
Percentile by Number Answered
Your Score History
You have not taken this quiz since the last reset